00341nam a22001337a 4500003000400000020001800004082001200022100001600034245002200050260004300072300000800115650002100123653006300144SGT a9788175813021 a823,DES aANITA DESAI aCRY, THE PEACOCK  aNEW DELHI bRAMA BROTHERS INDIA c2010 a176 aENGLISH FICTION  aLIFE AND WORKS, A CRITICAL SURVEY OF ANITA DESAI,S NOVELS